000 00743nam a22002657a 4500
001 28731
003 BD-RjUL
005 20211209051324.0
008 140331s1934 bg ab 000 0 eng d
035 _a(BD-RjUL)
040 _aDLC
_cDLC
_beng
_dBD-RjUL
041 _aeng
082 _a954
_bROS 1934
100 1 _aRoy, Nirod Bhushan.
_987906
245 1 4 _aThe successors of Sher Shah /
_cby Nirod Bhushan Roy.
260 _aDacca :
_bBina Roy,
_c1934.
300 _ax, 104, v p. ;
_c18 cm.
504 _aIncludes bibliographical references.
650 _aIndia
_987907
651 0 _aIndia
_xHistory
_y1526-1765.
_987908
830 0 _vitem 10758.
_987909
942 _2ddc
_cBK
999 _c28731
_d28731